OFAC Sanctioned Geographic Regions Quiz Stats

 Plays Quiz not verified by Sporcle

Also try: Cities in Snow
Challenge
Share
Tweet
Embed
Score 0/16 Timer 03:00
0 Plays Today
% Correct
Cuba
94.1%
Iran
94.1%
Sudan
88.2%
Iraq
82.4%
North Korea
82.4%
Syria
82.4%
Burma
76.5%
Libya
70.6%
% Correct
Belarus
61.8%
Zimbabwe
61.8%
Lebanon
58.8%
Somalia
52.9%
Democratic Republic of Congo
47.1%
Liberia
41.2%
Ivory Coast
38.2%
Western Balkans
32.4%

You're not logged in!

Compare scores with friends on all Sporcle quizzes.
Join for Free
OR
Log In

You Might Also Like...

Show Comments

Extras

Created Jan 16, 2012SourceReportNominate
Tags:region, sanctioned

Top Quizzes Today


Score Distribution

Your Account Isn't Verified!

In order to create a playlist on Sporcle, you need to verify the email address you used during registration. Go to your Sporcle Settings to finish the process.

Report this User

Report this user for behavior that violates our Community Guidelines.

Details: